00255nam a22001217a 4500003000400000020002200004082001400026100001900040245003300059250000800092260002500100300000800125SGT a978-93-80855-40-0 a611bA15K aKAUR, PRABHJOT aTB. OF ANATOMY & PHYSIOLOGY  a1ST aINDIA bLOTUS c2015 a780